000 00408nam a22001697a 4500
003 NUST - PNEC
005 20170116180829.0
008 150729b xxu||||| |||| 00| 0 eng d
020 _a-
040 _cLIBRARY
082 _a515.3 NAR
100 _94526
_aNarayan, Shanti
245 _aDifferential calculus
_cShanti Narayan
260 _cc.1985
650 _94527
_a Calculus
_xME / MIS
942 _2ddc
_cBK
999 _c63970
_d63970